In tribute to David Boxer: (Record no. 1813)

MARC details
000 -LEADER
campo de control de longitud fija 00975nam a2200145 4500
008 - DATOS DE LONGITUD FIJA--INFORMACIÓN GENERAL
campo de control de longitud fija 708 IN59t
020 ## - NÚMERO INTERNACIONAL ESTÁNDAR DEL LIBRO
Número Internacional Estándar del Libro 9758017252
082 ## - NÚMERO DE LA CLASIFICACIÓN DECIMAL DEWEY
Número de clasificación 708
Número de ítem IN59t
100 ## - ENTRADA PRINCIPAL--NOMBRE DE PERSONA
Nombre de persona Hearne, Leeta (edición)
9 (RLIN) 7102
245 ## - MENCIÓN DEL TÍTULO
Título In tribute to David Boxer:
Resto del título Twenty years at The National Gallery of Jamaica 1975 - 1995
260 ## - PUBLICACIÓN, DISTRIBUCIÓN, ETC.
Lugar de publicación, distribución, etc. Jamaica
Nombre del editor, distribuidor, etc. Institute of Jamaica Publications
-- National Gallery of Jamaica
Fecha de publicación, distribución, etc. 1995
300 ## - DESCRIPCIÓN FÍSICA
Extensión 40 p.
Otras características físicas il.
Dimensiones 28 x 21,5 cm
505 ## - NOTA DE CONTENIDO CON FORMATO
Título Introduction
Mención de responsabilidad Aaron Matalon
Título A tribute to David Boxer
Mención de responsabilidad Susan Alexander
Título Fiction, personality and property: a jamaican colonial representation in miniature
Mención de responsabilidad Rosalie Smith-McCrea
Título Intuitive lessons: on naming the primitive
Mención de responsabilidad Petrine Archer-Straw
Título The search for the patron: an overview of the cuban and jamaican arenas
Mención de responsabilidad Irina Leyva González, Lorraine Morgan, Nicholas Morris
Título A concise guide to publications of jamaican art
Mención de responsabilidad Veerle Poupeye-Rammelaere
Título Bibliography
650 ## - PUNTO DE ACCESO ADICIONAL DE MATERIA--TÉRMINO DE MATERIA
Subdivisión general Jamaica
-- Boxer, David
-- arte - biografía
9 (RLIN) 7103
Holdings
Estatus retirado Estado de pérdida Fuente del sistema de clasificación o colocación Estado de daño No para préstamo Biblioteca de origen Biblioteca actual Ubicación en estantería Fecha de adquisición Total de préstamos Signatura topográfica completa Código de barras Visto por última vez Precio de reemplazo Tipo de ítem Koha
    Clasificación Decimal Dewey     Biblioteca LadoV Biblioteca LadoV   06/07/2019   708 IN59t 002068 06/07/2019 06/07/2019 Material 01